German Words for Animals (North America) - Statistics

General Stats
  • This quiz has been taken 8 times
  • The average score is 12 of 22
Answer Stats
English Answer % Correct
Black Bear Schwarzbär
100%
Alligator Alligator
80%
Bison Bison/Wisent
80%
Polar Bear Eisbär
80%
Flamingo Flamingo
80%
Grizzly Bear Grizzlybär/Grislybär
80%
Eagle Adler
60%
Beaver Biber
60%
Coyote Kojote
60%
Tarantula Tarantel
60%
Opossum Beutelratte
40%
Moose/Elk Elch
40%
Rattlesnake Klapperschlange
40%
Hummingbird Kolibri
40%
Roadrunner Rennkuckucke
40%
Woodpecker Specht
40%
Porcupine Stachelschwein
40%
Skunk Stinktier
40%
Turkey Truthahn/Pute
40%
Walrus Walross
40%
Raccoon Waschbär
40%
White-Tailed Deer Weißwedelhirsch
40%
No matching quizzes found
Score Distribution
Percent of People with Each Score
Percentile by Number Answered
Your Score History
You have not taken this quiz